000 00491nmm a2200169Ia 4500
008 251105s9999||||xx |||||||||||||||||und||
020 _a9788433963871
041 _aspa
100 _aNavarro, Vicenç
245 0 _aAtaque a la democracia y al bienestar
264 _a[Madrid, España] :
_bEditorial Anagrama,
_c2015
300 _a240 páginas
490 _aArgumentos
650 _aPolitical Science (General)
856 _uhttps://public.digitaliapublishing.com/a/42138
942 _cCF
999 _c81814
_d81814